| 000 | 02117nam a2200505 c 4500 | ||
|---|---|---|---|
| 999 |
_c166833 _d166833 |
||
| 003 | BLK | ||
| 005 | 20220210132649.0 | ||
| 008 | 180411b bul|||||r ||||||| ||bul|| | ||
| 010 | _aKNG00174593000 | ||
| 020 | _a978-954-8633-55-0 | ||
| 040 | _aBLK | ||
| 041 |
_aBUL _cBUL |
||
| 072 | 7 |
_2bullib _aН63 _xСелско стопанство Н |
|
| 072 | 7 |
_2bullib _aК _xКраезнание |
|
| 072 | 7 |
_2bullib _aЯ _xАвтографи |
|
| 072 | 7 |
_2bullib _aРА _xРусенски автори |
|
| 080 |
_aОрганизация и управление на селскостопанското производство. Земеделие. Градинарство _b631/635 _x(497.21-22)(091) _z631/635(497.21-22)(091) |
||
| 080 |
_aСелското стопанство като стопански отрасъл. Икономика на селското стопанство _b338.43 _x(497.21-22)(091) _z338.43(497.21-22)(091) |
||
| 080 |
_aКраезнание _b908 _x(497.21-22) _z908(497.21-22) |
||
| 100 | 1 |
_aБилчев, Тодор Билчев _eпърви автор _9365819 |
|
| 139 |
_aБилчев, Тодор Билчев _bБ 44 |
||
| 245 | 1 | 0 |
_aСелското стопанство на Обретеник (1878 - 2015) _cТодор Билчев Билчев. |
| 257 | _aBGR | ||
| 260 |
_bGaiana Book Art Studio _c2015 |
||
| 300 |
_a300 с. _bсъс сн., факс. _c21 см |
||
| 380 | _a63 | ||
| 500 | _aСъдържа и за авт. | ||
| 650 | 4 |
_aОбретеник _9179296 |
|
| 650 | 4 |
_aСелско стопанство - България _9269258 |
|
| 651 | 4 |
_aОбретеник _9179296 |
|
| 651 | 4 |
_aРусенско _9179464 |
|
| 651 | 4 |
_aБългария _9241624 |
|
| 653 | _aОбретеник | ||
| 653 | _aселско стопанство | ||
| 653 | _aистория | ||
| 653 | _aсела | ||
| 659 | _aК | ||
| 659 | _aН | ||
| 659 | _aЯ | ||
| 852 | _aЦб 273978 | ||
| 852 | _aК 63/Б 44 Т | ||
| 856 | 4 | _qpdf | |
| 856 | 4 | _qpdf | |
| 942 |
_cKNG _n0 _s1 |
||
| 944 |
_aCR _c24.04.2015 _lф / _kВиолета_Тройчева |
||
| 944 |
_aED _c13.05.2015 _lф / _kЛюдмила_Стоянова |
||
| 999 | _d166833 | ||